Sports Quiz

Random Sports or NFL Quiz

Super Bowl Winners Minefield Quiz Stats

 Plays Quiz Updated Feb 4, 2018

Challenge
Share
Tweet
Embed
Score 0/21 Timer 04:00
1 Play Today
Wins Team % Correct
6???
87%
5???
86.1%
5???
83.5%
4???
82.9%
5???
81.5%
4???
80.6%
3???
71.9%
2???
70.3%
2???
69.9%
1???
67.2%
1???
66.3%
Wins Team % Correct
2???
65.6%
3???
64.8%
1???
62.7%
1???
61.2%
3???
60.9%
1???
55.8%
1???
48.9%
1???
40.2%
Mine???
38.4%
1???
17.6%

You're not logged in!

Compare scores with friends on all Sporcle quizzes.
OR
Log In

You Might Also Like...

Show Comments

Extras

Top Quizzes Today


Score Distribution

Your Account Isn't Verified!

In order to create a playlist on Sporcle, you need to verify the email address you used during registration. Go to your Sporcle Settings to finish the process.

Report this User

Report this user for behavior that violates our Community Guidelines.

Details: